211 - Né(es) un 30 juillet. - Statistiques

Statistiques générales
  • Ce quiz a été pris 10 fois
  • Le résultat moyen est 8 sur 14
Statistiques - réponses
Hint Année de naissance Réponse % Correct
Homme d'affaires américain. Constructeur automobile. A par ailleurs mis au point un nouveau mode de production qui sera dérivé de son nom. 1863 Henry Ford
100%
Femme de lettre anglaise connue pour "Les Hauts de Hurlevent". 1818 Emily Jane Brontë |Emily Brontë
89%
Acteur franco-espagnol qui accéda à la notoriété grâce aux films de Luc Besson "Le Grand Bleu", "Nikita" et "Léon". 1948 Jean Reno
89%
Créateur de mode français. PDG du PSG de 1974 à 1978. 1938 Daniel Hechter
78%
Acteur austro-américain devenu gouverneur de Californie en 2003. 1947 Arnold Schwarzenegger
67%
Chanteur franco-italien dont les singles "En apesanteur" et "Prendre racine" lui ont permis d'accéder à la notoriété. 1971 Calogero Joseph Salvatore Maurici|Calogero
67%
Réalisateur britannico-américain, OBE, nommé à l'Oscar du meilleur scénario original pour Memento (2000). Il réalisera "Interstellar" (2014), "Dunkerque" (2017), "Tenet" (2020) et "Oppenheimer" (2023) par la suite. 1970 Christopher Nolan
67%
Chanteur canado-américain célèbre pour avoir chanté "My way", reprise de "Comme d'habitude" de Claude François. 1941 Paul Anka
56%
Chanteuse britannique, OBE, connue pour "Wuthering Heights". Elle classa classe 25 singles dans le top 40 parmi lesquels "The Man with the Child in His Eyes", "Babooshka", "Running Up that Hill", "Don't Give Up" et "King of the Mountain". 1958 Catherine Bush|Catherine Bush
33%
Écrivain français. Prix Nobel de Littérature en 2014. Auteur de "La Place de l'Étoile" (1968), "Les Boulevards de ceinture" (1972), "Rue des Boutiques obscures" (1978), "Dora Bruder" (1997), "Un pedigree" (2005). 1945 Jean Patrick Modiano|Patrick Modiano
33%
Miss Bretagne 2010. Miss France 2011. 1991 Laury Thilleman
33%
Homme politique français. Ministre du Logement de 1993 à 1995. Ministre des Affaires étrangères de 1995 à 1997. 1938 Hervé Marie-Joseph de Charette de La Contrie |Hervé de Charette
22%
Actrice américaine dont les interprétations dans "Boys Don't Cry" et "Million Dollar Baby" lui permirent de décrocher deux Oscars de la meilleure actrice. 1974 Hilary Swank
22%
Acteur américain vu dans "Apocalypse Now", "Tina", "Matrix", "John Wick", "Boyz N the Hood", "Mystic River". 1961 Laurence Fishburne
22%
Aucun quiz correspondant
Distribution des résultats
% des personnes avec chaque résultat
Percentile par nombre de réponses
Votre historique - résultats
Vous n’avez pas pris ce quiz